Statistics for Top 100 best football players of 1990s

Click here to take the quiz!

General Stats

  • This quiz has been taken 133 times
  • The average score is 62 of 100

Answer Stats

CountryHintAnswer% Correct
ArgentinaForward, NapoliDiego Armando Maradona
96%
BrazilBallon d'Or 1997, Barcelona, Inter MilanRonaldo
92%
BrazilFull-back, Real MadridRoberto Carlos
91%
FranceBallon d'Or 1998, Bordeaux, JuventusZinedine Zidane
91%
ItalyDefender, AC MilanPaolo Maldini
90%
BrazilBallon d'Or 1999, BarcelonaRivaldo
90%
EnglandStriker, Blackburn Rovers, Newcastle UnitedAlan Shearer
89%
GermanyGoalkeeper, Bayern MunichOliver Kahn
89%
BulgariaBallon d'Or 1994, BarcelonaHristo Stoichkov
87%
Netherlands3 Ballon d'Or, AC MilanMarco van Basten
87%
DenmarkGoalkeeper, Manchester UnitedPeter Schmeichel
87%
ItalyGoalkeeper, ParmaGianluigi Buffon
86%
SpainForward, Real MadridRaúl
85%
WalesWinger, Manchester UnitedRyan Giggs
84%
BrazilFull-back, RomaCafu
83%
ArgentinaStriker, FiorentinaGabriel Batistuta
83%
NetherlandsForward, Inter Milan, ArsenalDennis Bergkamp
82%
LiberiaBallon d'Or 1995, AC MilanGeorge Weah
82%
GermanyBallon d'Or 1990, Inter Milan, Bayern MunichLothar Matthäus
82%
IrelandMidfielder, Manchester UnitedRoy Keane
82%
NetherlandsMidfielder, AC MilanRuud Gullit
82%
DenmarkForward, Barcelona, Real MadridMichael Laudrup
81%
ItalyBallon d'Or 1993, Juventus, AC MilanRoberto Baggio
81%
BrazilForward, PSV, BarcelonaRomário
81%
FranceForward, Manchester UnitedEric Cantona
80%
PortugalForward, BarcelonaLuís Figo
79%
EnglandMidfielder, Manchester UnitedPaul Scholes
79%
EnglandGoalkeeper, ArsenalDavid Seaman
78%
RomaniaForward, Barcelona, Real Madrid, GalatasarayGheorghe Hagi
78%
ItalyDefender, AC MilanFranco Baresi
76%
SwedenForward, Celtic, FeyenoordHenrik Larsson
76%
ArgentinaFull-back, Inter MilanJavier Zanetti
76%
FranceDefender, Parma, MonacoLilian Thuram
76%
NetherlandsMidfielder, Ajax, Real MadridClarence Seedorf
75%
FranceMidfielder, Marseille, JuventusDidier Deschamps
75%
NetherlandsDefender, BarcelonaRonald Koeman
75%
ArgentinaStriker, Parma, LazioHernán Crespo
74%
NetherlandsDefender, Manchester UnitedJaap Stam
74%
FranceMidfielder, Marseille, AC MilanMarcel Desailly
74%
NetherlandsGoalkeeper, AjaxEdwin van der Sar
73%
ArgentinaMidfielder, Parma, LazioJuan Sebastián Verón
73%
CroatiaForward, Sevilla, Real MadridDavor Šuker
72%
NetherlandsMidfielder, Ajax, JuventusEdgar Davids
72%
FranceGoalkeeper, Monaco, MarseilleFabien Barthez
72%
EnglandFull-back, Manchester UnitedGary Neville
72%
NetherlandsMidfielder, AC MilanFrank Rijkaard
71%
FranceBallon d'Or 1991, Marseille, AC MilanJean-Pierre Papin
71%
NetherlandsForward, Ajax, BarcelonaPatrick Kluivert
71%
SpainDefender, Real MadridFernando Hierro
70%
WalesForward, LiverpoolIan Rush
70%
GermanyForward, Inter Milan, Tottenham, Bayern MunichJürgen Klinsmann
70%
PortugalMidfielder, Benfica, FiorentinaRui Costa
69%
EnglandForward, Manchester UnitedDavid Beckham
68%
CameroonFamous for his performances in World Cup 1990Roger Milla
67%
ColombiaMidfielder, famous for his haircutCarlos Valderrama
66%
FinlandForward, AjaxJari Litmanen
66%
GermanyBallon d'Or 1996, Borussia DortmundMatthias Sammer
66%
SpainMidfielder, BarcelonaPep Guardiola
66%
GermanyForward, Roma, MarseilleRudi Völler
66%
FranceDefender, Marseille, BarcelonaLaurent Blanc
65%
NigeriaMidfielder, Fenerbahçe, Eintracht Frankfurt, PSGJay-Jay Okocha
64%
ArgentinaMidfielder, Atletico Madrid, LazioDiego Simeone
63%
ItalyForward, Parma, ChelseaGianfranco Zola
59%
NetherlandsForward, Ajax, ArsenalMarc Overmars
58%
ItalyStriker, Juventus, Atletico Madrid, LazioChristian Vieri
57%
EnglandStriker, TottenhamGary Lineker
56%
EnglandForward, Tottenham, LazioPaul Gascoigne
53%
SpainMidfielder, Real Madrid, BarcelonaLuis Enrique
52%
GhanaMidfielder, MarseilleAbedi Pelé
50%
SpainGoalkeeper, BarcelonaAndoni Zubizarreta
48%
GermanyFull-back, Inter Milan, KaiserslauternAndreas Brehme
48%
ChileStriker, Real Madrid, Inter MilanIván Zamorano
48%
ItalyDefender, AC MilanAlessandro Costacurta
47%
ArgentinaMidfielder, Real MadridFernando Redondo
47%
BrazilForward, Deportivo La CoruñaBebeto
45%
ItalyForward, Sampdoria, JuventusGianluca Vialli
45%
EnglandGoalkeeper, Derby CountyPeter Shilton
43%
MontenegroForward, Valencia, Real MadridPredrag Mijatović
41%
ParaguayGoalkeeper, Vélez SarsfieldJosé Luis Chilavert
40%
MontenegroForward, Red Star, AC MilanDejan Savićević
37%
SpainForward, Real MadridEmilio Butragueño
37%
FranceMidfielder, Monaco, Inter MilanYouri Djorkaeff
37%
ChileStriker, LazioMarcelo Salas
36%
ItalyGoalkeeper, Sampdoria, Inter MilanGianluca Pagliuca
34%
BelgiumGoalkeeper, Mechelen, BenficaMichel Preud'homme
34%
SerbiaDefender/Midfielder, Sampdoria, LazioSiniša Mihajlović
34%
ItalyGoalkeeper, JuventusAngelo Peruzzi
33%
BrazilDefender, RomaAldair
31%
ItalyForward, Sampdoria, LazioRoberto Mancini
31%
ItalyGoalkeeper, Inter MilanWalter Zenga
29%
ItalyDefender, Inter MilanGiuseppe Bergomi
28%
ItalyWinger, AC MilanRoberto Donadoni
28%
CroatiaForward, Lazio, MarseilleAlen Bokšić
27%
CroatiaMidfielder, Red Star, Real MadridRobert Prosinečki
27%
ArgentinaForward, Atalanta, Boca JuniorsClaudio Caniggia
25%
ItalyDefender, Napoli, JuventusCiro Ferrara
24%
ItalyMidfielder, AC MilanDemetrio Albertini
24%
UruguayForward, Cagliari, Torino, River PlateEnzo Francescoli
21%
GermanyGoalkeeper, Nürnberg, Eintracht FrankfurtAndreas Köpke
18%
ItalyDefender, Sampdoria, JuventusPietro Vierchowod
14%

Score Distribution

Percentile by Number Answered

Percent of People with Each Score

Your Score History

You have not taken this quiz